Tribhuvan University Central Library

To see ourselves; an anthropology and modern social issues (Record no. 73253)

MARC details
000 -LEADER
fixed length control field 00498 a2200205 4500
020 ## - INTERNATIONAL STANDARD BOOK NUMBER
International Standard Book Number 0673077802
041 ## - LANGUAGE CODE
Language code of text/sound track or separate title Eng
082 ## - DEWEY DECIMAL CLASSIFICATION NUMBER
Classification number 572
Item number Se31
100 ## - MAIN ENTRY--PERSONAL NAME
Personal name Thomas, Weaver, ed.
245 ## - TITLE STATEMENT
Title To see ourselves; an anthropology and modern social issues
260 ## - PUBLICATION, DISTRIBUTION, ETC.
Place of publication, distribution, etc. Illionois:
Name of publisher, distributor, etc. Scott Foresman,
Date of publication, distribution, etc. 1973
300 ## - PHYSICAL DESCRIPTION
Extent 425p.
650 ## - SUBJECT ADDED ENTRY--TOPICAL TERM
Topical term or geographic name entry element Social issues
650 ## - SUBJECT ADDED ENTRY--TOPICAL TERM
Topical term or geographic name entry element Social change
650 ## - SUBJECT ADDED ENTRY--TOPICAL TERM
Topical term or geographic name entry element Violence
650 ## - SUBJECT ADDED ENTRY--TOPICAL TERM
Topical term or geographic name entry element Poverty
650 ## - SUBJECT ADDED ENTRY--TOPICAL TERM
Topical term or geographic name entry element Culture
653 ## - INDEX TERM--UNCONTROLLED
Uncontrolled term Anthropology
942 ## - ADDED ENTRY ELEMENTS (KOHA)
Source of classification or shelving scheme Dewey Decimal Classification
Koha item type General Collections
Holdings
Withdrawn status Lost status Source of classification or shelving scheme Damaged status Not for loan Home library Current library Date acquired Total Checkouts Full call number Barcode Date last seen Price effective from Koha item type Date last checked out
    Dewey Decimal Classification     Tribhuvan University Central Library Tribhuvan University Central Library 08/07/2014   572 Se31 G42521 08/07/2014 08/07/2014 General Collections  
    Dewey Decimal Classification     Tribhuvan University Central Library Tribhuvan University Central Library 09/10/2014 1 572 Se31 G40521 04/22/2015 09/10/2014 General Collections 02/01/2015